| 000 | 00467nam a2200193Ia 4500 | ||
|---|---|---|---|
| 008 | 220531s9999 xx 000 0 und d | ||
| 041 | _aeng | ||
| 082 |
_a- _bWAK |
||
| 100 |
_aWakale, L. P. _962148 |
||
| 245 | _aIncome Tax : Procedure & Practice 2013-2014 | ||
| 250 | _a11th | ||
| 260 |
_bGayatri _c2012 |
||
| 300 | _a284 | ||
| 542 | _d08-02-2013 | ||
| 551 |
_aGeneral _bText |
||
| 650 |
_aTaxation _962149 |
||
| 906 | _d2012-2013 | ||
| 999 |
_c35390 _d35390 |
||